PAKISTAN , PAST,PRESENT AND FUTURE (Record no. 575172)
[ view plain ]
| 000 -LEADER | |
|---|---|
| fixed length control field | 00255nam a22001097a 4500 |
| 082 ## - DEWEY DECIMAL CLASSIFICATION NUMBER | |
| Classification number | 954.51 SUL'P |
| 100 ## - MAIN ENTRY--PERSONAL NAME | |
| Personal name | SULTAN KHAN.DR |
| 9 (RLIN) | 67375 |
| 245 ## - TITLE STATEMENT | |
| Title | PAKISTAN , PAST,PRESENT AND FUTURE |
| 260 ## - PUBLICATION, DISTRIBUTION, ETC. | |
| Place of publication, distribution, etc. | LAHORE |
| Name of publisher, distributor, etc. | FAMOUS |
| Date of publication, distribution, etc. | 1994 |
| 300 ## - PHYSICAL DESCRIPTION | |
| Extent | XV,415P |
| 942 ## - ADDED ENTRY ELEMENTS (KOHA) | |
| Koha item type | Book |
| Withdrawn status | Lost status | Damaged status | Not for loan | Permanent Location | Current Location | Shelving location | Date acquired | Total Checkouts | Full call number | Barcode | Date last seen | Date last checked out | Price effective from | Koha item type |
|---|---|---|---|---|---|---|---|---|---|---|---|---|---|---|
| College of Electrical & Mechanical Engineering (CEME) | College of Electrical & Mechanical Engineering (CEME) | General Stacks | 08/01/2017 | 2 | 954.51 SUL'P | CEME-28980 | 01/27/2026 | 12/22/2022 | 06/28/2021 | Book |
